000 00834nam a22002417a 4500
999 _c18184
_d18184
003 AR-CdUCM
008 190513b ||||| |||| 00| 0 spa d
040 _aMUNICIPALIDAD PROVINCIAL DEL CUSCO
_cBIBLIOTECA MUNICIPAL DEL CUSCO
082 _a848.9 /
_bM25
100 _aMalraux, Andr
_938636
245 _aLa condicinón humana /
260 _aBuenos Aires ;
_bSudamericana,
_c1972.
300 _a347 paginas ;
_c18 cm.
440 _aHorozonte
_938637
505 _aContenido :La condicin̤ humana - La esfera pb͠lica y la privada - Labor - Trabajo - Accin̤ - La vita activa y la p̌oca moderna /
650 _aLiteratura francesa
_9913
650 _aNovelas
_9218
650 _aSiglo XX
_98
650 _aHistoria
_943972
700 _aComet, Cšar A, (traductor)
_938638
942 _2ddc
_cLIBROS
945 _arjall
_d2019-05-13